00465nam a2200121Ia 4500008004100000100002200041245003600063245007400099260000900173300003100182440005600213650007400269171207s9999 xx 000 0 und d aLeBel, Etienne P. aFalsifiability is not optional. cLeBel, Etienne P.; Berger, Derek; Campbell, Lorne; Loving, Timothy J. c2017 apages 254-261, August 2017 aJournal of Personality and Social Psychologyv113:2 aDIRECT REPLICATION, FALSIFICATION, POWER, REPLICABILITY, TRANSPARENCY